LEADER 03175cam a2200841 i 4500
001 nkc20223390904
003 CZ PrNK
005 20240126161852.0
007 ta
008 220728s2022 xr c e 001 0acze
015 |a cnb003390904 
020 |a 978-80-200-3355-0  |q (vázáno) 
035 |a (OCoLC)1354196559 
040 |a ABA001  |b cze  |d BOA001  |e rda 
043 |a e-xr--- 
045 |a x4y- 
072 7 |a 32  |x Politika  |2 Konspekt  |9 15 
072 7 |a 929  |x Biografie  |2 Konspekt  |9 8 
080 |a 32-051  |2 MRF 
080 |a 316.64  |2 MRF 
080 |a 94(437)"1989"  |2 MRF 
080 |a 32(091)  |2 MRF 
080 |a 32:316.42  |2 MRF 
080 |a 338  |2 MRF 
080 |a 316.42  |2 MRF 
080 |a [339.923+327](4)  |2 MRF 
080 |a 323  |2 MRF 
080 |a 929  |2 MRF 
080 |a (437.3)  |2 MRF 
080 |a (0:82-94)  |2 MRF 
080 |a (047.53)  |2 MRF 
100 1 |a Pithart, Petr,  |d 1941-  |7 jn19981001982  |4 aut 
245 1 0 |a Podnik s nejistým koncem :  |b knižní rozhovor s Petrem Pithartem /  |c Andrea Procházková 
250 |a Vydání první 
264 1 |a Praha :  |b Academia,  |c 2022 
300 |a 558 stran :  |b portréty ;  |c 21 cm 
336 |a text  |b txt  |2 rdacontent 
337 |a bez média  |b n  |2 rdamedia 
338 |a svazek  |b nc  |2 rdacarrier 
500 |a V roce 2023 dotisk 
504 |a Obsahuje bibliografické odkazy a rejstřík 
600 1 7 |a Pithart, Petr,  |d 1941-  |7 jn19981001982  |2 czenas 
648 7 |a 20.-21. století  |7 ch462155  |2 czenas 
648 7 |a od 1948  |7 ch1039271  |2 czenas 
648 7 |a od 1989  |7 ch462156  |2 czenas 
650 0 7 |a politici  |7 ph115781  |z Česko  |y 20.-21. století  |2 czenas 
650 0 7 |a názory a postoje  |7 ph137634  |2 czenas 
650 0 7 |a Sametová revoluce (1989 : Československo)  |7 ph138757  |2 czenas 
650 0 7 |a politické dějiny  |7 ph311269  |z Česko  |y od 1948  |2 czenas 
650 0 7 |a politická transformace  |7 ph124242  |z Česko  |y od 1989  |2 czenas 
650 0 7 |a ekonomická transformace  |7 ph114426  |z Česko  |y od 1989  |2 czenas 
650 0 7 |a společenská transformace  |7 ph137500  |z Česko  |y od 1989  |2 czenas 
650 0 7 |a evropská integrace  |7 ph137464  |2 czenas 
650 0 9 |a politicians  |z Czechia  |y 20th-21st centuries  |2 eczenas 
650 0 9 |a views and attitudes  |2 eczenas 
650 0 9 |a Velvet revolution (1989 : Czechoslovakia)  |2 eczenas 
650 0 9 |a political history  |z Czechia  |y 1948-  |2 eczenas 
650 0 9 |a political transformation  |z Czechia  |y 1989-  |2 eczenas 
650 0 9 |a economic transformation  |z Czechia  |y 1989-  |2 eczenas 
650 0 9 |a social transformation  |z Czechia  |y 1989-  |2 eczenas 
650 0 9 |a European integration  |2 eczenas 
651 7 |a Česko  |7 ge128065  |x společnost a politika  |y od 1948  |2 czenas 
651 9 |a Czechia  |x society and politics  |y 1948-  |2 eczenas 
655 7 |a autobiografické vzpomínky  |7 fd131854  |2 czenas 
655 7 |a rozhovory  |7 fd133303  |2 czenas 
655 9 |a autobiographical reminiscences  |2 eczenas 
655 9 |a interviews  |2 eczenas 
700 1 |a Procházková, Andrea,  |d 1995-  |7 mzk20221148622  |4 aut 
910 2 |a BOA001  |b 2-1495.050 
990 |a BK 
995 |a 01 
991 |b 202210  |c NOV 
996 6 |b 2610916746  |c 2-1495.050  |l MZK  |r Sklad / do 1 hodiny  |n 5  |p p.v.  |w 001901718  |u 000010  |a 1  |e BOA001  |j MZK50  |s P